| 000 | 00864cam a2200253 a 4500 | ||
|---|---|---|---|
| 001 | 000010037 | ||
| 005 | 20200929161819.0 | ||
| 008 | 910213s1990 sp 001 p spa | ||
| 020 | _a8486214521 | ||
| 040 |
_aDO-SdBNP _bspa _cDLC _dBNPHU |
||
| 082 |
_aMe861.44 _bT693j |
||
| 100 | 1 |
_aTorres, Daniel. _924997 |
|
| 245 | 1 | 0 |
_aJosé Emilio Pacheco : _bpoética y poesía del prosaísmo / _cDaniel Torres. |
| 260 |
_aMadrid, (España) : _bPliegos, _c1990. |
||
| 300 |
_a124 p. ; _c20 cm. |
||
| 490 | 1 |
_aPliegos de ensayo _v40 |
|
| 590 | _aEjemplar autobiografiado por el autor. | ||
| 650 | 4 |
_aPoesía mexicana _xHistoria y crítica _924998 |
|
| 600 | 1 | 4 |
_aPACHECO, JOSÉ EMILIO, _d1939 _xCRÍTICA E INTERPRETACIÓN _924999 |
| 650 | 4 |
_aLiteratura mexicana _91922 |
|
| 830 | 0 |
_aPliegos de ensayo ; _v40 _925000 |
|
| 910 | _aCatalogación por copia / LC | ||
| 049 | _aBNGR | ||
| 999 |
_c9796 _d9796 |
||